| 000 | 03268nam a22001937a 4500 | ||
|---|---|---|---|
| 008 | 170717b xxu||||| |||| 00| 0 eng d | ||
| 020 | _a1-883695-08-2 | ||
| 082 |
_21995 _aDC 943.004924 _bSp31 |
||
| 245 |
_aSpeaking out : _bJewish voices from united Germany / _cSusan Stern, editor |
||
| 260 |
_aChicago : _bEdition Q, _c©1995 |
||
| 300 |
_a270 pages : _billustrations ; _c23 cm |
||
| 505 | _aIntroduction / Susan Stern -- On the way to pluralism? Jewish communities in Germany today / Uri R. Kaufmann -- Auschwitz - and life! Why I have remained in Germany / Ralph Giordano -- Buchenwald times three / Ernst Cramer -- Never forget thy people Israel! Autobiographical remarks / Julius H. Schoeps -- Yiddish culture - a soul survivor of East Germany / Jalda Rebling -- Germany - home sweet home? / Richard C. Scheider -- Jewish identity - an East German dimension / Wolf Biermann -- Oh, you're Jewish? That's okay / Yael Grözinger -- Plea for an inwardly directed German nationalism / Michael Wolffsohn -- Through Russian eyes / Sofia Mill -- Face and places - speaking out in images / Todd Weinstein -- German Jewry: Squawking at the approach of danger / Rafael Seligmann -- Is Auschwitz the yardstick for anti-semitism? / Henryk M. Broder -- The repeating of the cycle - Russian Jews in Germany / Peter Ambros -- Mixed marriages in Germany - cause for concern? / Elvira Grözinger -- The development of Jewish religious life in postwar Germany / Micha Brumlik -- Making a living - Jews in German economic life / Igor Reichlin -- Thanks for the memories - reflections on Holocaust museums / Hanno Loewy -- Jewish museums in Germany - a German-Jewish problem / Cilly Kugelmann -- The future of the past - Jewish archives in Germany / Peter Honigmann | ||
| 520 | _aThere are over 50,000 Jews in Germany today. They live there, they work there, they raise families there. Few have German ancestry, more, but by no means all, have German citizenship. For the most part relative newcomers - postwar and to a growing extent, post-Wall arrivals - at first they considered themselves to be in transit, on their way to someplace else. "Sitting on packed suitcases," it was called. But gradually, as second and third generations were born in the country, a change of consciousness took place. The Jews in Germany came to realize that they were around to stay; for better or worse, Germany was their chosen home. In Speaking Out: Jewish Voices from United Germany, twenty Jewish residents of the Federal Republic, most of them prominent in their field, talk about different aspects of Jewish life in the country of the Holocaust, half a century later. Some write directly about their own lives and experiences, others write commentaries, yet others describe situations and institutions. A picture emerges of a complex reality; of the inescapability of the past; of people coming to terms with themselves in an environment they often still find difficult to assess and accept; of a small but vital Jewish community in a state of flux | ||
| 650 | 0 |
_921302 _aJews -- Germany -- History -- 1945-1990 |
|
| 650 | 0 |
_921303 _aHolocaust survivors -- Germany -- Biography |
|
| 650 | 0 |
_921304 _aGermany -- Ethnic relations |
|
| 700 |
_921305 _aStern, Susan _eeditor |
||
| 942 |
_2ddc _cDC |
||
| 999 |
_c7039 _d7039 |
||